000 00297nam a22001337a 4500
003 SGT
082 _a616.89
_bS08S
100 _aSCHAIE, K. WARNER
245 _aSOCIAL STRUCTURES & AGING INDIVIDUALS
260 _aUSA
_bSPRINGER
_c2008
300 _a391
650 _aPSYCHOLOGY
942 _2ddc
_cBK
999 _c10406
_d10406